MDQL
is popping MORE tags! Check the
thread
!
Quizzes
Events
Quiz Creation
Community
Videos
Private Events
Remove Ads
Sign In
Join for FREE
Feedback
Dark Mode
Quiz Categories
Sports
Geography
Music
Movies
Television
Just For Fun
Miscellaneous
History
Literature
Language
Science
Gaming
Entertainment
Religion
Holiday
For Kids
Quiz Lab
Recent
Popular Today
Quiz Kudos Today
Editor Picks
Curator Picks
Quizzes by...
Day
Popularity
Type
Ratings
Length
Year
Community
Subscriptions
Recent Discussions
Orange Saloon
Badges
Playlists
Quests
Create
Leaderboards
Showdown
Live 5
Trivia Bingo
Activity
Puzzle Library
Sporcle Events
Private Events
Virtual Trivia
Globe League
Become a Host
Pub Owners
SporcleCon
Opinionation
Our Games
Videos
Blog
Mobile Apps
Partnerships
Remove Ads and Go Orange
Feedback
Gaming
Video Games
Board Games
Card Games
Pokémon
Mario
Nintendo
Minecraft
Console
Toys
Legend of Zelda
Gaming
Video Games
Board Games
Card Games
Pokémon
Mario
Nintendo
Minecraft
Console
Toys
Legend of Zelda
Random Quiz
Search Sporcle
×
Quiz Lab
Quiz Lab
Gaming
Type in answers that appear in a list
Type in answers that appear in a list
Classic
Best Score? Go Orange.
Vencedores GP do BatRacer FMPT F1 Stats
Can you name the Vencedores GP do BatRacer FMPT F1?
By
jotadani
5m
33 Questions
9 Plays
9 Plays
9 Plays
Comments
Comments
Give Quiz Kudos
Give Quiz Kudos
-
- Ratings
hide this ad
Replay
Link that replays current quiz
Next Quiz
Link to next quiz in quiz playlist
You Got
0%
They Got
Avg Score
75%
Avg Friend Score
Upgrade to see
Score Distribution
Jump to the score distribution portion of the page
Score
0/33
Timer
05:00
0
Plays Today
Vitórias
Piloto
% Correct
38
Rafael Almeida
100%
31
Tiago Santos
100%
33
Leandro Ferreira
100%
25
José Luís Ginjo
100%
26
Domingos Costa
100%
10
Miguel Guedes
100%
10
Bruno Ferreira
100%
6
António Silva
100%
10
Tiago Semedo
100%
2
Luís Barreira
100%
1
Francisco Ribeiro
100%
1
Rui Costa
100%
39
Daniel Ferreira
88.9%
18
André Faustino
88.9%
9
Rui Silva
88.9%
4
Emanuel Santos
88.9%
4
Isa Santos
88.9%
Vitórias
Piloto
% Correct
7
Carlos Viero
88.9%
3
Ricardo Silva
88.9%
1
Pedro Silva
88.9%
8
João Neves
77.8%
3
Tomás Pelicano
77.8%
Piloto com mais corridas sem uma vitória
Adolfo Ezequiel
77.8%
Mais pontos sem uma vitória
Luís Sobrado
77.8%
1
Pedro Pires
66.7%
1
João Carvalho
66.7%
1
João Damas
66.7%
1
Nolan Muiredach
66.7%
1
Hektor Dreessen
66.7%
1
Sérgio Sanhoane
66.7%
2
Leonardo Gonçalves
55.6%
1
João Alves
55.6%
1
João Mendes
55.6%
Quiz Playlist
Details
Report
Send in Message
Add To Playlist
Classic:
Type in answers that appear in a list
Last Updated: Feb 16, 2017
Quiz Scoreboard
CHALLENGE
Sign Up to Join the Scoreboard
Show All
Scores
Hide
Comments
May contain spoilers
Recently Published
5x2 Blitz: Bands
by SL_Kpop136
Music
30s
Colored Red Africa Blitz
by spor1
Geography
30s
Find the 'City' Movie
by crazypaving
Movies
60s
More to Explore
Quiz From the Vault
Featured Blog Post
14 Easter Pick-up Lines to Find Eggs With
hide this ad
You Might Also Like...
Tags
This quiz does not have any tags.
Today's Top Quizzes in Gaming
Browse Gaming
hide this ad
Top Contributed Quizzes in Gaming
1
Genshin murder mystery
2
Dead By Daylight Logic Puzzle
3
Destiny 2 exotic weapons by perk icons
4
League of Legends Pro Players by Career/Team History
5
Genshin Impact Logic Puzzle
6
Overwatch 2: Ultimate Ability Icons
7
Genshin Impact Logic Puzzle Quiz II
8
Overwatch Logic Puzzle
9
Who's on the WWE 2K24 Cover?
10
5-to-1: Legend of Zelda
Explore More
Trending Topics
Anime
Crossword
Harry Potter
Disney
Marvel
Kpop
NBA
NFL
WWE
Pokémon
Country
Soccer
Song
The Office
Puzzle
hide this ad
More By:
jotadani
Quiz
Plays
Rating
Category
Featured
Created
Campeões do BatRacer FMPT F1
16
1.00
Gaming
Nov 23, 2012
Vencedores GP do BatRacer FMPT F1
9
1.00
Gaming
Nov 23, 2012
Mais corridas (até Brasil 16ºT)
6
1.00
Gaming
Nov 23, 2012
Go to Creator's Profile
Score Distribution
Quiz Creator Spotlight
jotadani
Follow
Send a Message
Quizzes Created
-
Created Quiz Play Count
-
More By This Creator
Popular Quizzes Today
1
Colored Red Africa Blitz
2
Find the 'City' Movie
3
5x2 Blitz: Bands
4
Find the US States - No Outlines Minefield
5
The Countries of the World
6
Find the US States
7
US States
8
Find the Countries of Europe - No Outlines Minefield
More Gaming Quizzes
Resident Evil Games
Quiz Lab
Trending Quizzes
Colored Red Europe Blitz I
Colored Red Europe Blitz II
Colored Red Africa Blitz II
Colored Red Europe Blitz III
Colored Red Africa Blitz III
Recently Updated
How Do You Spell That?
pecheneg
Godzilla Movies
pecheneg
Grab Bag: 4-10 Letters
pecheneg
2024 March Madness Bracket
pecheneg
Famous TV Couples
Peacemaker
Champions League XIs: Real Madrid
pecheneg
Largest US Cities 1790-2010
pecheneg
Rides in Walt Disney World
pecheneg
Most Oscar Losses (Acting)
pecheneg
Beyoncé Albums
pecheneg
Trending Topics
Anime
Kpop
Crossword
Marvel
Disney
Harry Potter
NBA
Pokémon
Soccer
Country
WWE
NFL
Song
The Office
Puzzle
Your Account Isn't Verified!
In order to create a playlist on Sporcle, you need to verify the email address you used during registration. Go to your
Sporcle Settings
to finish the process.
Report this User
Report this user for behavior that violates our
Community Guidelines
.
Details:
Send Report
Go to the Sporcle.com Mobile Site →
Comments